000 00553nam a2200193Ia 4500
005 20250508160640.0
008 008 250505s9999 xx 000 0 eng d
037 _aTextual
040 _aFEDL
_beng
_cFEDL
041 _aeng
_2eng
084 _a370.7, CUB
_qFEDL
100 _aCuban Larry
_9769017
245 0 _aTo make a diference : Teaching in the inner city
260 _aNew York, USA
_bThe Free Press
_c1970
300 _axxii,261p.
650 _aEducation-Philosophy
942 _cTEXL
_h370.7, CUB
999 _c1365819
_d1365819